KOHA-Header-6

Ji Han! Ab bhi waqat hay,apne Maamilaat Durust Karney Ka (Record no. 7512)

000 -LEADER
fixed length control field 00296nam a2200109Ia 4500
100 ## - MAIN ENTRY--AUTHOR NAME
Personal name Dr. Zaeema Alvi
245 #0 - TITLE STATEMENT
Title Ji Han! Ab bhi waqat hay,apne Maamilaat Durust Karney Ka
260 ## - PUBLICATION, DISTRIBUTION, ETC. (IMPRINT)
Place of publication Karachi
Name of publisher Rab Publishers
Year of publication 2013
300 ## - PHYSICAL DESCRIPTION
Number of Pages 248
942 ## - ADDED ENTRY ELEMENTS (KOHA)
Koha item type Books
Holdings
Withdrawn status Lost status Collection code Permanent Location Current Location Shelving location Date acquired Full call number Accession Number Koha item type
    Islamic Studies MAJU MAJU   2019-09-12 910.4 1401 Islamic Studies

Powered by Koha